Littérature - L'humain et ses limites - Statistiques

Statistiques générales
  • Ce quiz a été pris 14 fois
  • Le résultat moyen est 5 sur 13
Statistiques - réponses
Hint Réponse % Correct
Quelle épopée de la Grèce Antique contant la Guerre de Troie est attribuée à Homère ? Iliade
92%
Quel Dieu s'oppose à cela ? Zeus
92%
Qu'offre Prométhée aux Hommes, qui va leur permettre le progrès, la technique ? Feu
85%
Quel personnage mythologique se venge de la mort de Patrocle en tuant Hector et en mutilant son corps, accroché à un char ? Achille
77%
Quel dramaturge français crée dans ses pièces des personnages alimentés par l'Hybris, tels que Harpagon ou Arnolphe ? Molière
77%
Quel mot grec signifie la démesure, le sentiment violent inspiré par la passion et l'orgueil ? hybris
38%
Quel Philosophe des Lumières préconise de se rendre "maîtres et possesseurs de la nature" ? Descartes
31%
Quel est le mot désignant la fin ontologique de l'Homme, sa mortalité et la limite de son action ? Finitude
31%
Quel est le nom de l'autre ouvrage fondateur de la littérature, attribué à Homère lui aussi ? Ulysse
15%
Qui a ensuite écrit Prométhé enchaîné ? Eschyle
8%
Les compagnons d'Ulysse, bien que prévenus par Tirésias et Circé, consomment ce qui appartient au dieu Soleil. Qu'est-ce ? Boeufs sacrés
0%
Qui écrit Prométhée au VII siècle av. J-C ? Hésiode
0%
Quel auteur français fait une définition de la limite en 2012 ? Michel Tozzi
0%
Aucun quiz correspondant
Distribution des résultats
% des personnes avec chaque résultat
Percentile par nombre de réponses
Votre historique - résultats
Vous n’avez pas pris ce quiz